000 00295nam a22001337a 4500
008 170914b xxu||||| |||| 00| 0 eng d
020 _a9780135787748
041 _aeng
080 _25TH
_a7
100 _a44
101 _aART
245 _aA BASIC HISTORY OF ART
_cJANSON,H.W
942 _2udc
_cBK
999 _c27531
_d27531